[Event "EU-ch 12th"]
[Site "Aix les Bains"]
[Date "2011.03.28"]
[Round "7"]
[White "De Muyser, Xavier"]
[Black "Henry, Claude"]
[Result "1-0"]
[WhiteElo "1722"]
[BlackElo "1545"]
[PlyCount "29"]
[EventDate "2011.03.22"]
[EventType "swiss"]
[EventRounds "11"]
[EventCountry "FRA"]
[SourceTitle "CBM 142 Extra"]
[Source "ChessBase"]
[SourceDate "2011.06.27"]
[SourceVersion "1"]
[SourceVersionDate "2011.06.27"]
[SourceQuality "1"]

1. Nf3 Nf6 2. g3 Nc6 3. c4 e5 4. d3 d5 5. cxd5 Nxd5 6. Bg2 Bg4 7. Nc3 Nf6 8. Qa4 Bd7 9. Qb3 Rb8 10. Ng5 Qe7 11. Nd5 Nxd5 12. Bxd5 Qb4+ 13. Bd2 Qxb3 14. Bxb3 f6 15. Nf7 1-0